000 00949nam a22002297a 4500
999 _c16369
_d16369
003 AR-CdUCM
008 190415b ||||| |||| 00| 0 spa d
040 _aMUNICIPALIDAD PROVINCIAL DEL CUSCO
_cBIBLIOTECA MUNICIPAL DEL CUSCO
082 _a985.612 /
_bV21 /
100 _aValencia Zegarra, Alfredo
_918086
245 _aMachu Picchu :
_bLa investigación y conservación del monumento arqueológico después de Hiram Bingham /
260 _aCusco :
_bMunicipalidad del Qosqo,
_c1992.
300 _a354 paginas ;
_bIlustraciones,
_c223 paginas ;
505 _aContenido : El escenario natural -- Arquitectura -- Sector urbano, subsector occidental -- Sector agrícola -- Arqueología sepulcral...
650 _aMachupicchu
_91751
650 _aArqueología
_9371
650 _aSectores urbanos
_931988
700 _aGibaja Oviedo, Arminda
_929271
710 _aMunicipalidad del Cusco.
_9876
942 _2ddc
_cLIBROS
945 _arum
_d2019-05-03